000 00904cam a2200253 a 4500
001 000005316
005 20200929151637.0
008 991110s1999 sp a b 001 1 spa
020 _a8437617197
040 _aDO-SdBNP
_cDLC
_dDLC
082 _a863.5
_bP226m
100 1 _aPardo Bazán, Emilia,
_ccondesa de,
_d1852-1921.
_93459
245 1 3 _aLa madre naturaleza /
_cEmilia Pardo Bazán ; edición, Ignacio Javier López.
260 _aMadrid :
_bCátedra,
_c1999.
300 _a405 p. :
_bil. ;
_c18 cm.
440 0 _aLetras hispánicas ;
_v462
_94208
504 _aBibliografías: p. 73-79.
504 _aIncluye referencias bibliográficas y notas al pie de las páginas
650 4 _aNovela española
_91123
650 4 _aLiteratura española
_xCrítica e interpretación
_ySIGLO XIX
_915087
700 1 _aLópez, Ignacio Javier,
_eed.
_99763
910 _aCatalogación por copia / LC
910 _aWM
999 _c5117
_d5117